LEADER 01091nam0 2200301 450 001 000040148 005 20150116105148.0 100 $a20150116d1952----km-y0itaa50------ba 101 2 $agrc$afre 102 $aFR 200 1 $aPoétique$fAristote$gtexte établi et traduit par J. Hardy 205 $aDeuxième édition 210 $aParis$c<> belles lettres$d1952 215 $a99 p.$d20 cm 225 2 $aCollection des universités de France 300 $aTraduzione francese con testo greco a fronte 410 0$12001$aCollection des universités de France 500 11$aPoetica / Aristoteles$915100 676 $a185$v(22. ed.)$9Filosofia aristotelica 700 0$aAristoteles$f<384-322 a.C.>$04207 702 1$aHardy,$bJ. 801 0$aIT$bUniversità della Basilicata - B.I.A.$gREICAT$2unimarc 912 $a000040148 996 $aPoetica$915100 997 $aUNIBAS CAT $aEXT013$b01$c20150116$lBAS01$h1051 FMT Z30 -1$lBAS01$LBAS01$mBOOK$1BASA1$APolo Storico-Umanistico$2GEN$BCollezione generale$3Class/365$615286$5L15286$820150116$f02$FPrestabile Generale